Normal view
MARC view
Entry Topical Term
001 - CONTROL NUMBER
- control field: 33781
003 - CONTROL NUMBER IDENTIFIER
- control field: dpl
005 - DATE AND TIME OF LATEST TRANSACTION
- control field: 20110826161004.0
008 - FIXED-LENGTH DATA ELEMENTS
- fixed length control field: 110826|||a|||||| | ||| d
040 ## - CATALOGING SOURCE
- Original cataloging agency: dpl
- Transcribing agency: dpl
150 ## - HEADING--TOPICAL TERM
- Topical term or geographic name as entry element: Nationalism
- Geographic subdivision: India.
670 ## - SOURCE DATA FOUND
- Source citation: Work cat.: (dpl)0: Chatterjee, Partha, 1947- 33780, The Partha Chatterjee omnibus., 2011
670 ## - SOURCE DATA FOUND
- Source citation: Work cat.: (dpl)0: Chatterjee, Partha, 1947- 33780, The Partha Chatterjee omnibus., 2011
